Central Asia and Caucasia Capitals - Statistics

General Stats
  • This quiz has been taken 70 times
  • The average score is 6 of 9
Answer Stats
Country Answer % Correct
Russia Moscow
100%
Georgia Tbilisi
82%
Azerbaijan Baku
79%
Uzbekistan Tashkent
68%
Armenia Yerevan
68%
Kazakhstan Astana
65%
Turkmenistan Ashgabat
62%
Kyrgyzstan Bishkek
53%
Tajikistan Dushanbe
53%
No matching quizzes found
Score Distribution
Percent of People with Each Score
Percentile by Number Answered
Your Score History
You have not taken this quiz